000 00727nam a2200241 a 4500
001 BRCA_5673
005 20190320205157.0
008 220211s1902----gw-a######---#000-0#ger-#
041 _ager
044 _agw
050 4 _aN10 70
_b.M44 2
_c1902
245 1 0 _aDie Meisterwerke der National Gallery zu London
_ceinleinten den Text von Karl Voll.
260 _aLondon
_bFranz Hanfstaengl
_c1902
300 _aXX p.
_bils., 210 láminas
_c26 cm.
500 _aEjemplar Igual a F31
500 _aF143
650 1 4 _aNational Gallery (Londres)
_914179
650 1 4 _aPinturas
_xExposiciones
_914180
650 1 4 _aGalerias y Museos
_zInglaterra
_914419
700 1 _aVoll, Karl.
_d1867-1917
_914182
902 _aGFM
942 _2lcc
_cB
999 _c5366
_d5366